000 00881nmm a2200337 a 4500
003 AR-BaBNM
005 20251128211127.0
008 222120s1971 ||||||||||||||000 | spa||
040 _cAR-BaBNM
100 1 _aFuenzalida Vollmar, Fernando
245 1 0 _aPerú hoy
250 _a1ª ed.
260 _aMéxico
_bSiglo Veintiuno
_c1971
300 0 _a366 p.
_btablas, gráfs.
650 4 _aCIENCIAS POLITICAS
650 4 _aHISTORIA LATINOAMERICANA
650 4 _aIDEOLOGIAS POLITICAS
650 4 _aPARTIDOS POLITICOS
650 4 _aUNIVERSIDADES
650 4 _aFUERZAS ARMADAS
650 4 _aCULTURAS LATINOAMERICANAS
651 4 _aPerú
653 0 _aPOPULISMO
700 1 _aCotler, Julio
700 1 _aBravo Bresani, Jorge
700 1 _aEscobar, Alberto
700 1 _aSalazar Bondy, Augusto
700 1 _aMatos Mar, José
942 _cBK
998 _cmariana
999 _c18351
_d18351